000
00324nam a2200133Ia 4500
008
260604s9999 xx 000 0 und d
020
_a
9781802204643
082
_a
510 LEI
100
_a
LEIGH [E.E.]
_9
35633
245
0
_a
FACILITATING SIMULATIONS
260
_b
EDWARD ELGAR
500
_a
Simulation, Mathmetics
942
_c
BK
999
_c
8457
_d
8457